An essay concerning human understanding (Record no. 42346)

MARC details
000 -LEADER
fixed length control field 00546nam a2200157 a 4500
008 - FIXED-LENGTH DATA ELEMENTS--GENERAL INFORMATION
fixed length control field 120416s1947 ||||||||||||||||| || u
050 ## - LIBRARY OF CONGRESS CALL NUMBER
Classification number B 1292 Loc
100 ## - MAIN ENTRY--PERSONAL NAME
Personal name Wilburn, Raymond
245 13 - TITLE STATEMENT
Title An essay concerning human understanding
Statement of responsibility, etc. edited by Raymond Wilburn
260 ## - PUBLICATION, DISTRIBUTION, ETC.
Place of publication, distribution, etc. London
Name of publisher, distributor, etc. Dent
Date of publication, distribution, etc. 1947
300 ## - PHYSICAL DESCRIPTION
Extent xxv, 355p.
350 ## - PRICE (NR) (BK AM CF MU VM SE) [OBSOLETE]
Price 0.00
650 ## - SUBJECT ADDED ENTRY--TOPICAL TERM
Topical term or geographic name entry element PHILOSOPHY
700 ## - ADDED ENTRY--PERSONAL NAME
Personal name Locke, John
995 ## - RECOMMENDATION 995 [LOCAL, UNIMARC FRANCE]
-- 0.00
-- CBU-MAIN LIBRARY (Kitwe)
-- 1
-- 0.00
-- AVAILABLE
-- Annex Low-Usage Collection
Holdings
Withdrawn status Lost status Source of classification or shelving scheme Damaged status Not for loan Home library Current library Shelving location Date acquired Total Checkouts Full call number Barcode Date last seen Price effective from Koha item type
          CBU-MAIN LIBRARY, KITWE. CBU-MAIN LIBRARY, KITWE.   11/30/2022   B 1292 Loc 000882 11/30/2022 11/30/2022 MONOGRAPH